| 000 | 00369ntaaa2200157 4500 | ||
|---|---|---|---|
| 003 | 01 | ||
| 005 | 20251027201357.0 | ||
| 008 | 0714s1973 ag 01 | ||
| 040 |
_aAR-BaBN _bspa _cAR-BaBN _eaacr _dRIC |
||
| 082 | _a225.4800 C178 | ||
| 245 | _aThe New Testament | ||
| 250 |
_a1 ed. : _bCambridge |
||
| 500 | _aNuevo Testamento | ||
| 650 |
_aBiblia-Versiones _9463 |
||
| 942 | _cBK | ||
| 999 |
_c8264 _d8264 |
||